|
|
|
|
| LEADER |
01335nam a2200265 a 4500 |
| 001 |
GR-Patra37634 |
| 008 |
150226s2013 gr z 000 0 gre d |
| 040 |
|
|
|a GrPaTEI
|b gre
|c GR-PaULI
|
| 040 |
|
|
|a GrPaTEI
|b gre
|c GR-PaULI
|
| 100 |
1 |
|
|a Ταρχανίδης, Αντώνης
|
| 245 |
1 |
0 |
|a Φυσικοθεραπευτική αποκατάσταση μετά απο ολική αρθροπλαστική γόνατος /
|c Ταρχανίδης Αντώνης ; Φόη Χριστίνα.
|
| 260 |
|
|
|a Αίγιο :
|b ΤΕΙ ΔΥΤΙΚΗΣ ΕΛΛΑΔΑΣ,
|c 2013
|
| 300 |
|
|
|a 74σ. :
|b πιν., εικ., σχεδ.
|
| 650 |
|
4 |
|a ΑΡΘΡΟΠΛΑΣΤΙΚΗ
|
| 650 |
|
4 |
|a Αρθρώσεις
|x Τραύματα και κακώσεις
|
| 650 |
|
4 |
|a Γόνατο
|x Χειρουργική
|
| 650 |
|
4 |
|a Πτυχιακή εργασία
|y 2013
|
| 700 |
1 |
|
|a Φόη, Χριστίνα
|
| 710 |
0 |
|
|a Σ.Ε.Υ.Π..
|b Τμήμα Φυσικοθεραπείας
|
| 710 |
0 |
|
|a ΤΕΙ ΔΥΤΙΚΗΣ ΕΛΛΑΔΑΣ
|
| 856 |
4 |
0 |
|u https://nereus.library.upatras.gr/formerpat/ptyxiakes/seyp/seyp_phy/2011-2014/13050pe.pdf
|
| 942 |
|
|
|2 ddc
|
| 952 |
|
|
|0 0
|1 0
|2 ddc
|4 0
|7 0
|9 317519
|a LISK
|b LISK
|c BSC
|d 2021-01-17
|e 24
|f 0
|g 0.00
|l 0
|p 92410013050
|r 2021-01-17 00:00:00
|t 1
|w 2021-01-17
|y BK15
|x 20150226 0 1
|x GrPaTEI
|
| 971 |
|
|
|a .b26852056
|b 16-04-20
|c 27-09-16
|
| 999 |
|
|
|c 180687
|d 180687
|